000 00475cam a2200157Mi 4500
020 _a9789251065600
020 _a9251065608
040 _cNLGGC
082 _a634 FOO 2010 A053 Or.
100 1 _aMiner, Reid.
245 1 0 _aImpact of the global forest industry on atmospheric greenhouse gases /
260 _aRome :
_bFood and Agriculture Organization of the United Nations,
_c2010.
300 _aXI, 71 p. :
_bill. ;
_c30 cm.
490 1 _aFAO forestry paper,
942 _cEK
999 _c15007
_d15007